Sports Quiz

Random Sports or Football Quiz
Score 0/24 Timer 10:00
0 Plays Today
Hint Answer % Correct
QB- #11PJ Walker
100%
WR1- #14Cam Phillips
100%
WR2- #10Sammie Coates
100%
RB- #28James Butler
100%
WR3- #1Khalil Lewis
85.7%
LT- #79Terry Poole
85.7%
LG- #73Sebastian Tretola
85.7%
C- #56Demetrius Rhaney
85.7%
RG- #74Avery Gennesy
85.7%
RT- #76Nick Callender
85.7%
RCB- #41Jeremiah Johnson
85.7%
LCB- #27Ajene Harris
85.7%
Hint Answer % Correct
SS- #32Deatrick Nichols
85.7%
RE- #97Gabe Wright
71.4%
FS- #22Corrion Ballard
71.4%
DT- #96Walter Palmore
57.1%
LE- #91Caushaud Lyons
57.1%
OLB- #51Edmond Robinson
57.1%
LB- #42Beniquez Brown
57.1%
OLB- #50Kaelin Burnett
57.1%
K- #7Sergio Castillo
57.1%
LB- #47Demarquis Gates
42.9%
MLB- #56Ben Heeney
42.9%
P- #5Austin Rehkow
42.9%
Come Together.
Have Fun.
All Virtual.
We all need to come together. Play Sporcle's virtual live trivia to have fun, connect with people, and get your trivia on. Join a live hosted trivia game for your favorite pub trivia experience done virtually. If a virtual private party is more your thing, go here for details.

You're not logged in!

Compare scores with friends on all Sporcle quizzes.
OR
Log In

Sporcle TV

Today on Sporcle TV


Watch our educational content, quiz creation guides, and fun videos on Sporcle TV.

Show Comments

Extras

Created Feb 19, 2020ReportNominate
Tags:Football Quiz, XFL, XFL Teams

Top Quizzes Today


Score Distribution

Paid Content

Your Account Isn't Verified!

In order to create a playlist on Sporcle, you need to verify the email address you used during registration. Go to your Sporcle Settings to finish the process.

Report this User

Report this user for behavior that violates our Community Guidelines.

Details: